| Tag |
First Indicator |
Second Indicator |
Subfields |
| LEADER |
00000ugm a2200000 a 4500 |
| 001 |
in00004128813 |
| 005 |
20260128182850.5 |
| 006 |
m o d |
| 007 |
cr cn |
| 008 |
011014s2014 xx v eng |
| 020 |
|
|
|z 0134095839
|
| 035 |
|
|
|a (CaSebORM)9780134095837
|
| 040 |
|
|
|d UtOrBLW
|
| 041 |
0 |
|
|a eng
|
| 100 |
1 |
|
|a Trouton, Richard,
|e author.
|
| 245 |
1 |
0 |
|a FileVault 2 for Mac OS X Decoded Learn by Video /
|c Trouton, Richard.
|
| 264 |
|
1 |
|b Peachpit Press,
|c 2014.
|
| 300 |
|
|
|a 1 online resource (1 video file, approximately 57 min.)
|
| 336 |
|
|
|a two-dimensional moving image
|b tdi
|2 rdacontent
|
| 337 |
|
|
|a computer
|b c
|2 rdamedia
|
| 338 |
|
|
|a online resource
|b cr
|2 rdacarrier
|
| 347 |
|
|
|a video file
|
| 520 |
|
|
|a FileVault 2 is increasingly becoming the default encryption solution for enterprises that support Macs running OS X. There is not much documentation on this solution, however, and most of what is available focuses on the consumer market. Here to guide the enterprise professional, popular presenter Richard Trouton gives a detailed, one-hour guide to FileVault 2. By the end of the video, you'll know how to set up FileVault 2 for your own use, build and deploy an institutional recovery key, and use the most commonly-used functions of Apple's fdesetup command line management tool. Rich Trouton has been a Macintosh system and server administrator for over fifteen years and has supported Macs in a number of different environments, including university, government, medical research and advertising. His current position is providing support for Howard Hughes Medical Institute's Janelia Farm Research Campus in Ashburn, Virginia.
|
| 533 |
|
|
|a Electronic reproduction.
|b Boston, MA :
|c Safari,
|n Available via World Wide Web.
|
| 538 |
|
|
|a Mode of access: World Wide Web.
|
| 542 |
|
|
|f Copyright © 2014 by Richard Trouton
|
| 588 |
|
|
|a Online resource; Title from title screen (viewed September 30, 2014)
|
| 500 |
|
|
|a Videorecording.
|
| 655 |
|
7 |
|a Electronic videos.
|2 local
|
| 710 |
2 |
|
|a Safari, an O'Reilly Media Company.
|
| 856 |
4 |
0 |
|u https://proxy.library.tamu.edu/login?url=https://go.oreilly.com/TAMU/library/view/-/9780134095837/?ar
|z Connect to this electronic resource
|t 0
|
| 999 |
f |
f |
|s a51de437-dd4e-3a88-9cf1-de7f7a37449d
|i a56bb5e2-b817-345e-9cf3-3785e98321c9
|t 0
|
| 952 |
f |
f |
|a Texas A&M University
|b College Station
|c Electronic Resources
|s www_evans
|d Available Online
|t 0
|h No information provided
|
| 998 |
f |
f |
|t 0
|l Available Online
|